| 000 | 00877nam a2200253Ia 4500 | ||
|---|---|---|---|
| 003 | OSt | ||
| 005 | 20220918171445.0 | ||
| 006 | a|||||r|||| 00| 0 | ||
| 007 | ta | ||
| 008 | 220917b |||||||| |||| 00| 0 eng d | ||
| 020 |
_a9781787434967 (pbk) _cUKP 25.00 |
||
| 024 | _a349,257 | ||
| 037 |
_b57040, 25/01/2019, Segment Book Distributors _cTextual |
||
| 040 |
_aARTS _cARTS _beng |
||
| 041 |
_2eng _aeng |
||
| 082 | _aX:87, Q8 | ||
| 100 |
_aChin Jean Lau Au. _936716 |
||
| 245 | 0 |
_aGlobal and culturally diverse leaders and leadership _b new dimensions and challenges for buisness,education and society |
|
| 260 |
_aBingley _bEmerald publishing _c2018 |
||
| 300 |
_axxiii,348p. _ccm. |
||
| 650 |
_aECONOMICS; LEADERSHIP _933020 |
||
| 942 |
_hX:87, Q8 _cTEXL _2CC |
||
| 999 |
_c139649 _d139649 |
||